Quiz sur le football uruguayen - Statistiques

Statistiques générales
  • Ce quiz a été pris 121 fois
  • Le résultat moyen est 8 sur 15
Statistiques - réponses
Question Réponse % Correct
Joueur uruguayen passé notamment par Naples et le PSG Edinson Cavani
94%
Meilleur buteur de la sélection Luis Suarez
94%
Joueur finissant meilleur buteur ex aequo à la coupe du monde 2010 Diego Forlan
89%
Années des titres en coupe du monde 1950
80%
Années des titres en coupe du monde 1930
76%
Joueur le plus capé de la sélection Diego Godin
61%
Surnom de la sélection Céleste
53%
Sélection que l'Uruguay a rencontré 10 fois sans jamais l'emporter Espagne
52%
Équipe partageant son nom avec un club de Premier League qui a gagné le titre en 2023 Liverpool
45%
Autre compétition remportée 2 fois par l'Uruguay, qui lui permet d'orner son maillot de 4 étoiles Jeux Olympiques
39%
Sélectionneur de l'Uruguay depuis 2023 Marcelo Bielsa
37%
Citez les 2 clubs qui se partagent 100 titres de championnat Club Nacional de Football
36%
Citez les 2 clubs qui se partagent 100 titres de championnat Club Atlético Peñarol
35%
Stade principal de la sélection Stade {Centenario}
7%
Meilleur buteur de l'histoire du championnat d'Uruguay Fernando Morena
2%
Aucun quiz correspondant
Distribution des résultats
% des personnes avec chaque résultat
Percentile par nombre de réponses
Votre historique - résultats
Vous n’avez pas pris ce quiz